[Event "Alberta-ch"]
[Site "Calgary"]
[Date "1989.05.14"]
[Round "7"]
[White "Huber, Gregory"]
[Black "Sharp, Neil"]
[Result "1-0"]
[WhiteElo "2118"]
[BlackElo "2221"]
[PlyCount "70"]
[EventDate "1989.05.06"]
[EventType "tourn"]
[EventRounds "7"]
[EventCountry "CAN"]
[SourceTitle "EXT 2017"]
[Source "ChessBase"]
[SourceDate "2016.10.25"]
[SourceVersion "1"]
[SourceVersionDate "2016.10.25"]
[SourceQuality "1"]

1. e4 e5 2. Nc3 Nf6 3. Bc4 Nc6 4. d3 Bb4 5. Bg5 h6 6. Bh4 d6 7. Nge2 Be6 8. 0-0 g5 9. Bg3 h5 10. f3 Ne7 11. Bxe6 fxe6 12. d4 h4 13. Bf2 Ng6 14. Qd3 Bxc3 15. Qxc3 Qe7 16. dxe5 dxe5 17. Rad1 b6 18. Be3 Nf4 19. Nc1 0-0 20. Qxe5 N6h5 21. Bd4 Kh7 22. Rd2 Rad8 23. Rfd1 c5 24. Be3 Kh6 25. Nd3 Ng6 26. Qc3 e5 27. Nf2 Nhf4 28. Ng4+ Kh5 29. Kf2 Rxd2+ 30. Qxd2 Qe6 31. b3 Rf7 32. Kg1 h3 33. g3 Ng2 34. Bxg5 Rxf3 35. Bf6 Qxg4 1-0

[Event "Alberta-ch"]
[Site "Calgary"]
[Date "1989.05.06"]
[Round "1"]
[White "Sharp, Neil"]
[Black "Gardner, Robert"]
[Result "0-1"]
[WhiteElo "2221"]
[BlackElo "2245"]
[PlyCount "52"]
[EventDate "1989.05.06"]
[EventType "tourn"]
[EventRounds "7"]
[EventCountry "CAN"]
[SourceTitle "EXT 2017"]
[Source "ChessBase"]
[SourceDate "2016.10.25"]
[SourceVersion "1"]
[SourceVersionDate "2016.10.25"]
[SourceQuality "1"]

1. e4 c5 2. Nf3 d6 3. d4 cxd4 4. Nxd4 Nf6 5. Nc3 a6 6. Be2 e6 7. 0-0 Be7 8. f4 Qc7 9. a4 Nc6 10. Be3 0-0 11. Qe1 Na5 12. Rd1 Nc4 13. Bc1 e5 14. Nb3 exf4 15. Rxf4 Ne5 16. Be3 Ng6 17. Rf1 Re8 18. Qf2 Bd8 19. Bg5 Be6 20. Nd4 h6 21. Be3 Ng4 22. Nxe6 Nxf2 23. Nxc7 Nxd1 24. Nxe8 Nxe3 25. Rf3 Bb6 26. Nxd6 Nc4+ 0-1